MDQL
is popping MORE tags! Check the
thread
!
Quizzes
Events
Quiz Creation
Community
Videos
Private Events
Remove Ads
Sign In
Join for FREE
Feedback
Dark Mode
Quiz Categories
Sports
Geography
Music
Movies
Television
Just For Fun
Miscellaneous
History
Literature
Language
Science
Gaming
Entertainment
Religion
Holiday
For Kids
Quiz Lab
Recent
Popular Today
Quiz Kudos Today
Editor Picks
Curator Picks
Quizzes by...
Day
Popularity
Type
Ratings
Length
Year
Community
Subscriptions
Recent Discussions
Orange Saloon
Badges
Playlists
Quests
Create
Leaderboards
Showdown
Live 5
Trivia Bingo
Activity
Puzzle Library
Sporcle Events
Private Events
Virtual Trivia
Globe League
Become a Host
Pub Owners
SporcleCon
Opinionation
Our Games
Videos
Blog
Mobile Apps
Partnerships
Remove Ads and Go Orange
Feedback
Literature
Harry Potter
A Song of Ice and Fire
The Hunger Games
Literary Character
Shakespeare
Book
Author
Novel
Poem
Young Adult
Children's Books
Play
Lord of the Rings
Literature
Harry Potter
A Song of Ice and Fire
The Hunger Games
Literary Character
Shakespeare
Book
Author
Novel
Poem
Young Adult
Children's Books
Play
Lord of the Rings
Random Quiz
Search Sporcle
×
Quiz Lab
Quiz Lab
Literature
Guy
Type in answers that appear in a list
Type in answers that appear in a list
Classic
Best Score? Go Orange.
Family Guy Initials Stats
Can you name the Family Guy Characters by Initial?
By
cfhobbs
6m
36 Questions
139 Plays
139 Plays
139 Plays
Comments
Comments
Give Quiz Kudos
Give Quiz Kudos
-
- Ratings
hide this ad
Forced Order
Answers have to be entered in order
Answers have to be entered in order
Random Order
Randomize order of answers
Randomize order of answers
Replay
Link that replays current quiz
Next Quiz
Link to next quiz in quiz playlist
You Got
0%
They Got
Avg Score
29%
Avg Friend Score
Upgrade to see
Score Distribution
Jump to the score distribution portion of the page
Score
0/36
Timer
06:00
0
Plays Today
Initials
Name
% Correct
LG
Lois Griffin
57.6%
BG
Brian Griffin
56.8%
GQ
Glen Quagmire
55.4%
PG
Peter Griffin
54.7%
MG
Meg Griffin
54.7%
SG
Stewie Griffin
49.6%
CG
Chris Griffin
48.2%
JS
Joe Swanson
46.8%
CB
Cleveland Brown
45.3%
TT
Tom Tucker
41.7%
MrW
Mr Weed
39.6%
BS
Bonnie Swanson
35.3%
OW
Ollie Williams
34.5%
NG
Neil Goldman
32.4%
GuDG
Greased-up Deaf Guy
30.9%
MG
Mort Goldman
30.2%
LB
Loretta Brown
28.1%
DS
Diane Simmons
28.1%
Initials
Name
% Correct
EtGC
Ernie the Giant Chicken
25.9%
CP
Carter Pewterschmidt
25.2%
FG
Francis Griffin
25.2%
JT
Jake Tucker
20.9%
SS
Susie Swanson
20.9%
TT
Tricia Takanawa
20.9%
CBJ
Cleveland Brown Jr
20.1%
BP
Barbara Pewterschmidt
17.3%
AW
Mayor Adam West
17.3%
G
God
16.5%
D
Death
15.8%
J
Jesus
15.8%
MG
Muriel Goldman
15.8%
TG
Thelma Griffin
13.7%
NG
Nate Griffin
12.9%
EM
Evil Monkey
11.5%
CDM
Connie DiMico
9.4%
BK
Buzz Killington
3.6%
Quiz Playlist
Details
Report
Send in Message
Add To Playlist
Classic:
Type in answers that appear in a list
Forced Order:
Answers have to be entered in order
Random Order:
Randomize order of answers
Last Updated: Feb 16, 2017
Quiz Scoreboard
CHALLENGE
Sign Up to Join the Scoreboard
Show All
Scores
Hide
Comments
May contain spoilers
Recently Published
Colored Red Africa Blitz
by spor1
Geography
30s
Find the 'City' Movie
by crazypaving
Movies
60s
5x2 Blitz: Bands
by SL_Kpop136
Music
30s
More to Explore
Quiz From the Vault
Featured Blog Post
14 Easter Pick-up Lines to Find Eggs With
hide this ad
You Might Also Like...
Tags
Character
Family
Guy
Guy Characters
initial
Today's Top Quizzes in Literature
Browse Literature
hide this ad
Today's Top Quizzes in Guy
Browse Guy
Top Contributed Quizzes in Literature
1
Sneaky Slytherin Logic Puzzle
2
Harry Potter Slytherin Logic Puzzle
3
Get The Picture: Black or White Literature
4
A Song of Ice and Fire Logic Puzzle
5
Logic Puzzle: Avoid Dumbledore's Army
6
Mini Trivia Sudoku: A Song of Ice and Fire
7
'Middle' Earth
8
Quick Pick: Easter in Book Titles
9
Books By Opening Lines IV
10
The Hunger Games Logic Puzzle: Find Katniss
Explore More
Trending Topics
NBA
Harry Potter
Disney
Kpop
Marvel
Anime
Crossword
The Office
Puzzle
Country
NFL
Soccer
Song
Pokémon
WWE
hide this ad
More By:
cfhobbs
Quiz
Plays
Rating
Category
Featured
Created
Harry Potter Chapter 1 Book 1 Characters
2,221
2.00
Literature
Jul 15, 2010
Harry Potter's OWL Results
1,669
4.38
Literature
Jul 14, 2010
Eastenders Characters (2010)
1,391
4.00
Television
Aug 22, 2010
Harry Potter Quotes
761
3.73
Literature
Jul 16, 2010
South Park Theme
667
4.10
Television
Aug 19, 2010
Go to Creator's Profile
Score Distribution
Quiz Creator Spotlight
cfhobbs
Follow
Send a Message
Quizzes Created
-
Created Quiz Play Count
-
More By This Creator
Popular Quizzes Today
1
Colored Red Africa Blitz
2
Find the US States - No Outlines Minefield
3
Find the 'City' Movie
4
5x2 Blitz: Bands
5
The Countries of the World
6
Find the US States
7
Find the Countries of Europe - No Outlines Minefield
8
US States
More Literature Quizzes
Missing Word in Movies: Book
Quiz Lab
Trending Quizzes
Colored Red Europe Blitz I
Colored Red Europe Blitz II
Colored Red Africa Blitz II
Colored Red Europe Blitz III
Colored Red Africa Blitz III
Recently Updated
How Do You Spell That?
pecheneg
Godzilla Movies
pecheneg
Grab Bag: 4-10 Letters
pecheneg
2024 March Madness Bracket
pecheneg
Famous TV Couples
Peacemaker
Champions League XIs: Real Madrid
pecheneg
Largest US Cities 1790-2010
pecheneg
Rides in Walt Disney World
pecheneg
Most Oscar Losses (Acting)
pecheneg
Beyoncé Albums
pecheneg
Trending Topics
NBA
Marvel
Anime
Harry Potter
Kpop
Crossword
Disney
Pokémon
WWE
NFL
Country
Song
The Office
Puzzle
Soccer
Your Account Isn't Verified!
In order to create a playlist on Sporcle, you need to verify the email address you used during registration. Go to your
Sporcle Settings
to finish the process.
Report this User
Report this user for behavior that violates our
Community Guidelines
.
Details:
Send Report
Go to the Sporcle.com Mobile Site →
Comments